|
|
|
|
| LEADER |
00840nam a22002292a 4500 |
| 001 |
000199372 |
| 003 |
CZ BrMZK |
| 005 |
20061031133706.0 |
| 008 |
010907s1971 xr f cze d |
| 040 |
|
|
|a BOA001
|b cze
|c BOA002
|
| 100 |
1 |
|
|a Chovanec, Felix,
|d 1926-
|7 jk01050326
|4 aut
|
| 245 |
1 |
0 |
|a Stručný přehled vývoje lyžařství /
|c Felix Chovanec
|
| 250 |
|
|
|a 2., dopl.vyd.
|
| 260 |
|
|
|a Praha :
|b Státní pedagogické nakladatelství,
|c 1971
|
| 300 |
|
|
|a 156 s.
|
| 500 |
|
|
|a Rotaprint
|
| 504 |
|
|
|a Bibliografie na s. 146-155
|
| 710 |
2 |
|
|a Univerzita Karlova.
|b Fakulta tělesné výchovy a sportu
|7 kn20010710337
|
| 910 |
|
|
|a BOA001
|b PK-N-0004.586-71
|
| 964 |
|
|
|a Lyžování - dějiny - učebnice - školy vysoké
|
| 990 |
|
|
|a BK
|
| 996 |
7 |
|
|b 3119958679
|c PK-N-0004.586-71
|l MZK
|r Sklad / do 1 hodiny
|n 12
|w 000199372
|u 000010
|a 1
|e BOA001
|j MZK50
|s A
|